000 00591nam a2200229Ia 4500
003 OSt
005 20221006164324.0
006 a|||||r|||| 00| 0
007 ta
008 221006b |||||||| |||| 00| 0 eng d
024 _a1,187
037 _cTextual
040 _aFML
_cFML
_beng
041 _2eng
_aeng
082 _aP:1, J3
100 _aKarr Harrison M Au.
_9677136
245 0 _aDeveloping Your Spealing Voice
260 _aNew York
_bHarper & Row
_c1953
300 _a506
_ccm.
942 _hP:1, J3
_cTEXL
_2CC
999 _c1116849
_d1116849